000 00473nam a2200133Ia 4500
008 100328s9999 xx 000 0 und d
082 _b30670
100 _aखाडीलकर उषा
245 _aसुाारणेच्या भोवऱ्यात
260 _bठाकर आणि कं.
630 _aसुाारणेच्या भोवऱ्यात
730 _aसुाारणेच्या भोवऱ्यात
942 _cBOOK
999 _c521637
_d521634